000
00342nam a2200145Ia 4500
008
150201s2004 xx 000 0 und d
082
_a
157.94
_b
N2004C
100
_a
CARR,JANET
245
_a
NEUROLOGICAL REHABILITATION
250
_a
1ST
260
_b
ELSEVIER
_a
DELHI
_c
2004
300
_a
1-475
650
_a
PHYSIOTHERAPY
942
_2
ddc
_c
BK
999
_c
4305
_d
4305